Model jawapan spm kimia KBSM
| Main Author: | |
|---|---|
| Format: | Book |
| Published: |
Johor :
Penerbitan Pelangi Sdn.Bhd ,
1994
|
| Subjects: |
MARC
| LEADER | 00000cam a2200000 7i4500 | ||
|---|---|---|---|
| 001 | 0000006080 | ||
| 002 | 000006570 | ||
| 005 | 20000330.0 | ||
| 020 | |a 983500980 | ||
| 090 | 0 | 0 | |a 540 |b LIM |
| 100 | 0 | |a Lim Eng Wah | |
| 245 | 1 | 0 | |a Model jawapan spm kimia KBSM |c Lim Eng Wah dan Eng Nguan Hong |
| 260 | |a Johor : |b Penerbitan Pelangi Sdn.Bhd , |c 1994 | ||
| 300 | |a 232p. ; |c 25cm. | ||
| 650 | 0 | 0 | |a Chemistry |x SPM |
| 999 | |a 038205 |b BUKU |c RUJUKAN |e PERPUSTAKAAN KOMUNITI PETALING JAYA | ||
| 999 | |a 0388205 |b BUKU |c RUJUKAN ULANGKAJI |e PERPUSTAKAAN KOMUNITI PETALING JAYA | ||